Ordre des vainqueurs de jeux - Fils VS Alcaraz Monte-Carlo 2025 - Statistics

General Stats
  • This quiz has been taken 15 times
  • The average score is 9 of 31
Answer Stats
Question Answer % Correct
Set 1 - Jeu 1 Fils
71%
Set 1 - Jeu 7 Alcaraz
50%
Set 1 - Jeu 4 Alcaraz
43%
Set 1 - Jeu 5 Alcaraz
43%
Set 1 - Jeu 3 Fils
43%
Set 1 - Jeu 6 Fils
43%
Set 2 - Jeu 6 Fils
43%
Set 1 - Jeu 8 Alcaraz
36%
Set 2 - Jeu 7 Alcaraz
36%
Set 3 - Jeu 6 Alcaraz
36%
Set 3 - Jeu 7 Alcaraz
36%
Set 3 - Jeu 9 Alcaraz
36%
Set 2 - Jeu 10 Fils
36%
Set 2 - Jeu 1 Alcaraz
29%
Set 2 - Jeu 9 Alcaraz
29%
Set 2 - Jeu 11 Alcaraz
29%
Set 1 - Jeu 2 Fils
29%
Set 1 - Jeu 9 Fils
29%
Set 2 - Jeu 2 Fils
29%
Set 2 - Jeu 5 Alcaraz
21%
Set 1 - Jeu 10 Fils
21%
Set 2 - Jeu 4 Fils
21%
Set 3 - Jeu 1 Alcaraz
14%
Set 3 - Jeu 8 Alcaraz
14%
Set 2 - Jeu 8 Fils
14%
Set 3 - Jeu 2 Fils
14%
Set 3 - Jeu 3 Fils
14%
Set 2 - Jeu 3 Alcaraz
7%
Set 2 - Jeu 12 Alcaraz
7%
Set 3 - Jeu 5 Alcaraz
7%
Set 3 - Jeu 4 Fils
7%
No matching quizzes found
Score Distribution
Percent of People with Each Score
Percentile by Number Answered
Your Score History
You have not taken this quiz